Next Steps In Cross Stitch
| Main Author: | |
|---|---|
| Format: | Book |
| Published: |
London :
Merehurst Limited ,
1996
|
| Subjects: |
MARC
| LEADER | 00000cam a2200000 7i4500 | ||
|---|---|---|---|
| 001 | 0000092279 | ||
| 005 | 20230905150439.0 | ||
| 008 | |||
| 020 | |a 1853915297 | ||
| 041 | |a English | ||
| 090 | 0 | 0 | |a 746.443 |b BEA |
| 100 | 1 | |a Beazley, Angela | |
| 245 | 0 | 0 | |a Next Steps In Cross Stitch |c Beazley, Angela |
| 260 | |a London : |b Merehurst Limited , |c 1996 | ||
| 300 | |a 128p. : |b ill.col ; |c 28.1cm. | ||
| 500 | |a Adult | ||
| 650 | 0 | |a Cross stitch | |
| 999 | |a 0000827666 |b Book |c Adult Collection |e Cawangan Bandar Penawar | ||